Retrouvez les parcours de ces joueurs de football. - Statistiques

Statistiques générales
  • Ce quiz a été pris 56 fois
  • Le résultat moyen est 23 sur 30
Réponses sur la Carte
Les réponses sont colorées sur une échelle allant du rouge au vert en fonction du pourcentage des utilisateurs qui les ont devinées à leur premier essai. Vous pouvez retrouver ces pourcentages ci-dessous.
 
Statistiques - réponses
Réponse % Correct
AS Monaco
100%
FC Barcelone
100%
Juventus
100%
Paris SG
100%
Paris SG
100%
Real Madrid
100%
Inter Miami
98%
Manchester United
98%
Real Madrid
98%
Sporting CP
98%
Manchester United
96%
Al-Nassr
93%
Real Madrid
91%
Olympique lyonnais
89%
Borussia Dortmund
87%
Manchester City
87%
FC Barcelone
80%
Atlético Madrid
74%
Liverpool FC
74%
RB Salzbourg
72%
Ajax Amsterdam
70%
Al-Ittihad
67%
Inter Miami
65%
Al-Hilal
57%
Molde FK
43%
Grêmio PA
37%
FC Groningue
33%
Bryne FK
30%
CF Nacional
28%
CF Nacional
26%
Aucun quiz correspondant
Distribution des résultats
% des personnes avec chaque résultat
Percentile par nombre de réponses
Votre historique - résultats
Vous n’avez pas pris ce quiz